000 00759nam a2200217Ii 4500
003 JO-AjNU
008 230605s9999||||xx |||||||||||||| ||und||
020 _a1981/6012
040 _aJO-AjNU
_bara
_erda
_cJO-AjNU
041 _aara
050 1 4 _aRA645
100 3 _aهالبرن ، برنار ؛ ترجمة يوسف جورجي جبرائيل ، كمال الشواربي ,
_eauthor
_939411
245 0 0 _aالحساسية
264 3 1 _aالقاهرة:الهيئة المصرية العامه للكتاب ، 1972
300 _a118ص
336 _atext
_btxt
_2rdacontent
337 _aunmediated
_bn
_2rdamedia
338 _avolume
_bnc
_2rdacarrier
490 0 _aالعلم للجميع
650 4 _aالامراض الصدرية-حساسية
_939412
999 _aA16642
_c20210
_d20210